000 00292nam a2200145Ia 4500
100 _aDhamdhere/D.M
650 _aProgramming
942 _cBK
245 _aSystem Programming
260 _bMcGraw - Hill
_c2011
082 _a5.42
_bDHA
300 _a538
546 _aENGLISH
999 _c18327
_d18327